000 00341nam a22001217a 4500
999 _c13207
_d13207
020 _a9781337619455
082 _a657.45
100 _a Larry Rittenberg , Karla Johnstone-Zehms, Audrey Gramling
245 _aAuditing: A Risk Based-Approach
250 _a11th
260 _aUSA
_bSouth-Western College Publishing
_c2018
942 _cACCOUNTING